MARC

LEADER 00000nam0a2200000 4500
001 321677
005 20231102003411.0
010 |a 534000242X 
035 |a (RuTPU)RU\TPU\book\347233 
090 |a 321677 
100 |a 20160902d1989 m y0rusy50 ca 
101 1 |a rus  |c bel 
102 |a BY 
105 |a y z 001ay 
200 1 |a Чужая вотчина  |e роман  |e рассказы  |e пер. с белорус.  |f В. Адамчик  |g авт. предисл. Е. Г. Лецки 
210 |a Минск  |c Мастацкая лiтаратура  |d 1989 
215 |a 400 с. 
320 |a Вступительная статья: с. 3-12 
606 1 |a Белорусская литература  |2 stltpush  |3 (RuTPU)RU\TPU\subj\28192  |9 51766 
610 1 |a художественная литература 
610 1 |a романы 
610 1 |a рассказы 
610 1 |a довоенный период 
610 1 |a Белоруссия 
610 1 |a деревня 
675 |a 882.6  |v 4 
700 1 |a Адамчик  |b В.  |g Вячеслав 
702 1 |a Лецки  |b Е. Г.  |4 080 
801 1 |a RU  |b 63413507  |c 20160902 
801 2 |a RU  |b 63413507  |c 20210112  |g RCR 
942 |c BK